00609nam a2200169Ia 4500008004000000020001800040082001700058100002500075245004000100260004100140300000800181650005200189690002700241906001100268999001700279952014300296210210b1992 xxu||||| |||| 00| 0 eng d a81 7024 492 7 a361.954 SHAS aSHANKAR (Jogan), Ed. aSocial problems & welfare in India. aDelhibAshish publishing housec1992 a387 aIndian social problems Social welfare in India aIndian Social Problems a048055 c97250d97250 001040708Social WorkaALbALcSocial Workd2021-02-17g500.00l1o361.954 SHASp048055r2022-12-03 00:00:00s2022-11-30w2021-02-17yBK